000 00395nam a2200133Ia 4500
008 100328s9999 xx 000 0 und d
082 _b19031
100 _aसरदेसाई लक्ष्मणराव
245 _aलक्ष्मण-रेषा
260 _b---
630 _aलक्ष्मण-रेषा
730 _aलक्ष्मण-रेषा
942 _cBOOK
999 _c513382
_d513379